01179cam a22003135a 45000010008000000030009000080050017000170080041000340200022000750200018000970400038001150820022001531000044001752450064002192640058002833000046003413360026003873370028004133380027004414900056004685040052005246500049005766510010006256530024006356550024006599420012006839990017006959520153007121860402EG-ScBUE20220510130831.0820702s1983 nyua f b 001 0 eng d a0194341305 (pbk.) a9780194341301 aDLCbengerdacDLCdDLCdEG-ScBUE04a428.0071222bALL1 aAllen, Virginia French,eauthor.93980410aTechniques in teaching vocabulary /cVirginia French Allen. 1aNew York ;aOxford :bOxford University Press,c1983. avii, 136 pages :billustrations ;c23 cm. 2rdacontentatextbtxt 2rdamediaaunmediatedbn 2rdacarrieravolumebnc0 aTeaching techniques in English as a second language aIncludes bibliographical references and index.  7aVocabularyxStudy and teaching.2BUEsh97764 2BUEsh cApril2016bHHUUEENN vReading book934232 2ddccBB c21608d21580 00102ddc40708BaccahaMAINbMAINc2NDd2016-04-12ePurchaseg121.50h229l0o428.0071 ALLp000032321r2025-07-15 00:00:00v151.88w2016-04-12yBB